Sports Quiz

Random Sports or NFL Quiz

Top 25 Preseason Fantasy Football Players 2011 Quiz Stats

 Plays Quiz not verified by Sporcle

Challenge
Share
Tweet
Embed
Score 0/25 Timer 06:00
0 Plays Today
Position Play % Correct
5. Running BackChris Johnson
96.7%
7. Wide Receiver Andre Johnson
96.7%
13. Wide ReceiverCalvin Johnson
95.8%
22. QuarterbackPeyton Manning
95%
24. QuarterbackTom Brady
94.2%
2. Running BackAdrian Peterson
93.3%
9. QuarterbackAaron Rodgers
93.3%
1. Running BackArian Foster
92.5%
14. QuarterbackMichael Vick
91.7%
4. Running BackRay Rice
87.5%
16. QuaterbackDrew Brees
85.8%
21. Running BackMaurice Jones-Drew
85%
3. Running BackJamaal Charles
84.2%
Position Play % Correct
18. QuaterbackPhilip Rivers
80.8%
8. Running BackRashard Mendenhall
78.3%
11. Running BackLeSean McCoy
78.3%
6. Running BackMichael Turner
77.5%
20. Running BackFrank Gore
73.3%
15. Wide ReceiverRoddy White
71.7%
23. Running BackMatt Forte
71.7%
25. Wide ReceiverReggie Wayne
69.2%
12. Wide ReceiverLarry Fitzgerald
67.5%
10. Running BackDarren McFadden
65.8%
19. Running BackShonn Greene
59.2%
17. Wide ReceiverHakeem Nicks
49.2%

You're not logged in!

Compare scores with friends on all Sporcle quizzes.
Join for Free
OR
Log In

You Might Also Like...

Show Comments

Extras

Top Quizzes Today


Score Distribution

Your Account Isn't Verified!

In order to create a playlist on Sporcle, you need to verify the email address you used during registration. Go to your Sporcle Settings to finish the process.

Report this User

Report this user for behavior that violates our Community Guidelines.

Details: